00853nam a2200217Ia 4500003000400000005001700004008004100021040002100062041000800083082002500091100003400116245009800150260004900248300002900297490003100326500003700357505015300394650002300547650003300570700003200603OSt20210417212550.0210310s1971 fr gr 000 0 fre d aCO-JMCRcCO-JMCR0 afre04a336.201 /bN688c2231 aNouvellet, Dominique, eautor13aLa commission départamentale des impots / cDominique Nouvellet ; Préface de Lucien Mehl  aParis : bÉditions Berger-Levrault, c1971 b227 páginas ; c21 cm.0 aL´Administration Nouvelle aIncluye notas a pie de página.0 aL´utipie du législateur -- Les incertitudes du législateur -- Le réalisme du législateur -- Composition -- Compétence -- Fonctionnement -14aImpuestoszFrancia24aFinanzas PúblicaszFrancia1 aMehl, Lucien, eprologuista